000 00867cam a22002771 4500
001 107088
005 20230410101949.0
008 770517s1966 sp a 000 0 spa
035 _9(DLC) 76384571
035 _a2240482
010 _a 76384571
040 _aDLC
_cDLC
_dDLC
050 1 4 _a118 F 1938.55
_bZ35r 1966
082 0 0 _a972.93054
100 1 _aZapico, Marcelino.
245 1 0 _aRevolución en Hispanoamérica;
_blo que vi en Santo Domingo /
_cMarcelino Zapico
260 _a[Madrid] :
_bEscelicer,
_c[1966]
300 _a215 p.
_billus.
_c22 cm.
490 0 _aLa Historia anecdótica
650 4 _aCFB.
650 4 _aColección Font Bernard.
651 4 _aRepública Dominicana
_xHistoria
_yOcupación norteamericana*1965-1966
651 4 _aRepública Dominicana
_xPolítica
651 0 _aDominican Republic
_xHistory
_y1961-
942 _2lcc
_cbk
999 _c16516
_d16516